Movies Quiz

Random Movies or Role Quiz

Humphrey Bogart Movies A-Z Quiz Stats

 Plays Quiz not verified by Sporcle

Challenge
Share
Tweet
Embed
Score 0/18 Timer 05:00
0 Plays Today
Letter Movie % Correct
CCasablanca
96.1%
AThe African Queen
92.2%
BThe Big Sleep
92.2%
MThe Maltese Falcon
90.9%
TThe Treasure of the Sierra Madre
76.6%
SSabrina
70.1%
KKey Largo
67.5%
PThe Petrified Forest
66.2%
IIn a Lonely Place
53.2%
Letter Movie % Correct
WWe're No Angels
39%
DThe Desperate Hours
36.4%
HThe Harder They Fall
29.9%
OThe Oklahoma Kid
29.9%
RThe Roaring Twenties
27.3%
EThe Enforcer
26%
LThe Left Hand of God
22.1%
VVirginia City
20.8%
GThe Great O'Malley
14.3%

You're not logged in!

Compare scores with friends on all Sporcle quizzes.
OR
Log In

You Might Also Like...

Show Comments

Extras

Top Quizzes Today


Score Distribution

Your Account Isn't Verified!

In order to create a playlist on Sporcle, you need to verify the email address you used during registration. Go to your Sporcle Settings to finish the process.

Report this User

Report this user for behavior that violates our Community Guidelines.

Details: